000 00200 a2200085 4500
020 _a9788957707548
100 _aLee, Hwa-Jeong
245 _aI.Focus : facade detail Vol-2
260 _bSeoul Archworld
_c2021
999 _c12111
_d12111